000 00898nam a22003137a 4500
020 _a978-1-84362-017-4
082 _a823
_bKEA/A
100 _aMEADOWS, DAISY
245 _aRAINBOW MAGIC
246 _aSCARLETT THE GARNET FAIRY
246 _aAMBER THE ORANGE FAIRY
246 _aFLORA FANCY DRESS FAIRY
246 _aKATIE THE KITTEN FAIRY
246 _aPOLLY THE PARTY FUN FAIRY
246 _aGEMMA THEGYMNASTICS FAIRY
246 _aWHITNEY THE WHALE FAIRY
246 _aKATIE THE KITTEN FAIRY
246 _aDEMI THE DRESSING UP FAIRY
246 _aMAYA THE HARP FAIRY
246 _aCRYSTAL THE SNOW FAIRY
246 _aSKY THE BLUE FAIRY
246 _aMAISIE THE MOONBEAM FAIRY
246 _aANNA THE ARCTIC FOX FAIRY
246 _aABIGAIL THE BREESE FAIRY
246 _aFREYA THE FRIDAY FAIRY
260 _aLONDON
_bORCHARD BOOKS
_c2006
300 _a75
942 _cBK
999 _c3172
_d3172